Least Polluted Countries - Statistics

General Stats
  • This quiz has been taken 21 times
  • The average score is 17 of 30
Answer Stats
Pollution Score Answer % Correct
8.9 United Kingdom
95%
8.6 Denmark
90%
7 Norway
90%
7.4 Canada
85%
5 Finland
85%
3.4 Iceland
85%
6.2 Sweden
85%
4.9 Estonia
80%
4.8 New Zealand
80%
8.1 Portugal
80%
4.2 Australia
75%
7.5 Ireland
75%
9.1 Japan
65%
8.9 United States
65%
8.3 Liechtenstein
60%
10 Switzerland
60%
7.9 Costa Rica
50%
7.4 Luxembourg
50%
9 Panama
50%
5.4 Andorra
45%
7.7 Argentina
45%
7 Suriname
35%
9.7 Ukraine
35%
5.6 Belize
25%
8.9 Nicaragua
25%
7.3 Bolivia
20%
3.8 Grenada
20%
5.1 Trinidad and Tobago
20%
8.8 Angola
5%
8.3 Cambodia
0%
No matching quizzes found
Score Distribution
Percent of People with Each Score
Percentile by Number Answered
Your Score History
You have not taken this quiz